000 00415nam a22001697a 4500
005 20180809111650.0
008 160623b xxu||||| |||| 00| 0 eng d
020 _a81-203-1812-9
041 _aeng
082 _b9345
_a658.3
100 _aKandula, Srinivas R.
_92574
245 _aStrategic Human Resource Development
260 _bPHI
_c2004
_adelhi
300 _a291p,
650 _aManagement
_9241
942 _cBK
999 _c3673
_d3672